Alle Torhüter der Fußball Bundesliga 25/26 - Statistiken

Allgemein
  • Dieses Quiz wurde 162 mal gespielt
    17 seit der letzten Aktualisierung
  • Das Durchschnittsergebnis liegt bei 27 aus 36
Antwortstatistiken
Verein Name Nation % Korrekt
VfB Stuttgart Alexander Nübel Deutschland
100%
Borussia Dortmund Gregor Kobel Schweiz
100%
FC Bayern München Jonas Urbig Deutschland
100%
FC Bayern München Manuel Neuer Deutschland
100%
TSG 1899 Hoffenheim Oliver Baumann Deutschland
100%
Hamburger SV Daniel Heuer Fernandes Portugal
94%
1. FC Heidenheim Diant Ramaj Deutschland
94%
1. FC Union Berlin Frederik Rönnow Dänemark
94%
Eintracht Frankfurt Kauã Santos Brasilien
94%
Bayer 04 Leverkusen Mark Flekken Niederlande
94%
1. FC Köln Marvin Schwäbe Deutschland
94%
Eintracht Frankfurt Michael Zetterer Deutschland
94%
SC Freiburg Noah Atubolu Deutschland
94%
RB Leipzig Peter Gulasci Ungarn
94%
Borussia Dortmund Alexander Meyer Deutschland
88%
FC Augsburg Finn Dahmen Deutschland
88%
VFL Wolfsburg Kamil Grabara Polen
88%
Werder Bremen Mio Backhaus Deutschland
88%
1. FSV Mainz 05 Robin Zentner Deutschland
88%
Borussia Mönchengladbach Moritz Nicolas Deutschland
81%
FC St. Pauli Nikola Vasilj Bosnien- und Herzigowina
81%
1. FSV Mainz 05 Daniel Batz Deutschland
75%
SC Freiburg Florian Müller Deutschland
75%
Borussia Mönchengladbach Jonas Omlin Schweiz
75%
VFL Wolfsburg Marius Müller Deutschland
75%
VfB Stuttgart Fabian Bredlow Deutschland
69%
Bayer 04 Leverkusen Janis Blaswich Deutschland
69%
Werder Bremen Karl Hein Estland
56%
FC Augsburg Nediljko Labrovic Kroatien
56%
RB Leipzig Maarten Vandevoordt Belgien
44%
1. FC Union Berlin Matheo Raab Deutschland
38%
1. FC Köln Ron-Robert Zieler Deutschland
38%
FC St. Pauli Ben Voll Deutschland
31%
TSG 1899 Hoffenheim Luca Philipp Deutschland
31%
1. FC Heidenheim Frank Feller Deutschland
25%
Hamburger SV Sander Tangvik Norwegen
13%
Keine übereinstimmenden Quizze gefunden
Verteilung der Resultate
Anzahl Personen mit jedem Resultat
Perzentil nach korrekt beantworteten Fragen
Ihre Resultats-Entwicklung
Sie haben dieses Quiz seit der letzten Aktualisierung nicht gespielt